|
|
|
|
| LEADER |
00000nab#a22000007a#4500 |
| 001 |
arbauad043954 |
| 003 |
AR-BaUAD |
| 005 |
20250711113414.0 |
| 008 |
000510|||||||||###||||||b###|0###a|spa|| |
| 040 |
|
|
|a AR-BaUAD
|c AR-BaUAD
|b spa
|
| 100 |
|
|
|a Piguet, Philippe
|
| 245 |
|
|
|a Principauté et Culture, un entretien avec S.A.S. la Princesses Carolina de Monaco /
|c Philippe Piguet;
|
| 300 |
0 |
|
|b fot.
|
| 653 |
|
|
|a MONACO
|
| 653 |
|
|
|a ENTREVISTAS
|
| 653 |
|
|
|a CAROLINA, PRINCESA DE MONACO
|
| 653 |
|
|
|a CULTURA
|
| 653 |
|
|
|a ARTE
|
| 773 |
0 |
|
|t L'OEIL
|g no. 453 [jul.-ago. 1993], p. 28-29
|
| 942 |
|
|
|c ARTI
|
| 952 |
|
|
|0 0
|1 0
|4 0
|7 0
|9 88873
|a AR-BAuAD
|b AR-BAuAD
|d 2025-07-11
|l 0
|p AAQA043954
|r 2025-07-11 11:34:14
|w 2025-07-11
|y ARTI
|
| 990 |
|
|
|a A199
|b TD
|
| 998 |
|
|
|a AAQ
|b BIBUN76
|
| 999 |
|
|
|c 68546
|d 68546
|